Представление документа в формате MARC21

Поле Инд. ПП Название Значение
Тип записи a
Библиографический уровень a
001 Контрольный номер RU/IS/BASE/262109759
005 Дата корректировки 20240112095310.0
084 a Индекс другой классификации/Индекс ББК 81.0
090 00 a Полочн. индекс 81я43
x Авторский знак П 781
100 10 a Автор Степанов Ю. С.
245 00 a Заглавие Синтез лингвистических направлений как лингвистическая задача
650 04 a Основная рубрика филологические науки; языкознание
653 00 a Ключевые слова лингвистические направления
a Ключевые слова методология языкознания
a Ключевые слова методы лингвистических исследований
a Ключевые слова общее
a Ключевые слова парадигматическая система описания
a Ключевые слова синтагматическая система описания
a Ключевые слова уровни языка
a Ключевые слова цели лингвистических исследований
773 00 d Дата издания источника Москва, 1967
g Прочая информация С. 51-53
t Заглавие источника Проблемы языкознания
w Контрольный № источника RU/IS/BASE/102085341
901 t Тип документа a